000 00439nam a22001697a 4500
999 _c12934
_d12934
008 211228b ||||| |||| 00| 0 eng d
020 _cRs.85.00
041 0 _aeng
100 _91282
_aMuthuswamy, P.
245 1 0 _aCentral Civil Service Pension rules
250 _a13th ed.
260 _aMadras :
_bSwamy Publishers p ltd,
_c1993.
300 _axiv,449 p.
365 _bINR 85.00
650 0 _aLabor laws and Legislation
942 _cBK